[Event "DEM U16w 2024"]
[Site "Willingen GER"]
[Date "2024.05.22"]
[Round "5"]
[White "Hasselmann, Isabelle Sophia"]
[Black "Reich, Elisabeth"]
[Result "1-0"]
[Termination "normal"]
[Board "6"]
[WhiteElo "1655"]
[BlackElo "1799"]
[WhiteClock "00:07:03"]
[BlackClock "00:11:49"]
[PlyCount "129"]
[WhiteFideId "16266951"]
[BlackFideId "16239776"]
[EventCountry "GER"]
[EventRounds "9"]
[EventType "swiss"]
[EventDate "2024.05.18"]

1. e4 {[%clk 01:30:59]} c5 {[%clk 01:30:57]} {[%emt 00:00:04]} 2. Nf3 {[%clk
01:31:01]} {[%emt 00:00:27]} e6 {[%clk 01:31:20]} {[%emt 00:00:07]} 3. d4
{[%clk 01:30:08]} {[%emt 00:01:23]} cxd4 {[%clk 01:31:45]} {[%emt 00:00:06]} 4.
Nxd4 {[%clk 01:30:34]} {[%emt 00:00:04]} Nc6 {[%clk 01:31:27]} {[%emt
00:00:48]} 5. Nc3 {[%clk 01:30:35]} {[%emt 00:00:29]} Nf6 {[%clk 01:31:48]}
{[%emt 00:00:08]} 6. Ndb5 {[%clk 01:30:54]} {[%emt 00:00:12]} Bb4 {[%clk
01:32:07]} {[%emt 00:00:11]} 7. a3 {[%clk 01:31:18]} {[%emt 00:00:06]} Bxc3+
{[%clk 01:32:25]} {[%emt 00:00:12]} 8. Nxc3 {[%clk 01:31:44]} {[%emt 00:00:04]}
d5 {[%clk 01:32:28]} {[%emt 00:00:26]} 9. exd5 {[%clk 01:32:10]} {[%emt
00:00:05]} exd5 {[%clk 01:32:39]} {[%emt 00:00:18]} 10. Bd3 {[%clk 01:32:36]}
{[%emt 00:00:04]} d4 {[%clk 01:32:45]} {[%emt 00:00:25]} 11. Ne2 {[%clk
01:33:01]} {[%emt 00:00:05]} O-O {[%clk 01:33:05]} {[%emt 00:00:10]} 12. O-O
{[%clk 01:33:28]} {[%emt 00:00:03]} Bg4 {[%clk 01:33:26]} {[%emt 00:00:08]} 13.
h3 {[%clk 01:33:53]} {[%emt 00:00:05]} Bh5 {[%clk 01:33:31]} {[%emt 00:00:25]}
14. f4 {[%clk 01:34:17]} {[%emt 00:00:06]} Bxe2 {[%clk 01:32:49]} {[%emt
00:01:12]} 15. Qxe2 {[%clk 01:34:21]} {[%emt 00:00:26]} Re8 {[%clk 01:32:18]}
{[%emt 00:01:01]} 16. Qf3 {[%clk 01:33:16]} {[%emt 00:01:35]} Qd5 {[%clk
01:28:28]} {[%emt 00:04:17]} 17. Qf2 {[%clk 01:26:31]} {[%emt 00:07:19]} Rad8
{[%clk 01:22:24]} {[%emt 00:06:34]} 18. g4 {[%clk 01:23:32]} {[%emt 00:03:29]}
Qd6 {[%clk 01:04:22]} {[%emt 00:18:30]} 19. Qh4 {[%clk 01:22:01]} {[%emt
00:02:02]} Ne4 {[%clk 00:53:29]} {[%emt 00:11:22]} 20. Re1 {[%clk 01:14:40]}
{[%emt 00:07:52]} Qf6 {[%clk 00:45:37]} {[%emt 00:08:19]} 21. g5 {[%clk
01:08:25]} {[%emt 00:06:48]} Qf5 {[%clk 00:45:46]} {[%emt 00:00:21]} 22. b4
{[%clk 01:01:02]} {[%emt 00:07:54]} a6 {[%clk 00:42:18]} {[%emt 00:03:58]} 23.
Bb2 {[%clk 00:51:58]} {[%emt 00:09:34]} Qd5 {[%clk 00:38:44]} {[%emt 00:04:00]}
24. Re2 {[%clk 00:44:52]} {[%emt 00:07:39]} f5 {[%clk 00:32:30]} {[%emt
00:06:44]} 25. gxf6 {[%clk 00:31:31]} {[%emt 00:13:51]} Nxf6 {[%clk 00:32:47]}
{[%emt 00:00:13]} 26. Rg2 {[%clk 00:31:49]} {[%emt 00:00:12]} Qe6 {[%clk
00:30:27]} {[%emt 00:02:46]} 27. Kh2 {[%clk 00:25:27]} {[%emt 00:06:56]} Re7
{[%clk 00:27:47]} {[%emt 00:03:08]} 28. Rag1 {[%clk 00:24:08]} {[%emt
00:01:51]} Rdd7 {[%clk 00:23:41]} {[%emt 00:04:35]} 29. c3 {[%clk 00:21:49]}
{[%emt 00:02:50]} Kh8 {[%clk 00:14:42]} {[%emt 00:09:28]} 30. Rg6 {[%clk
00:17:21]} {[%emt 00:04:58]} h6 {[%clk 00:09:18]} {[%emt 00:05:55]} 31. Bc1
{[%clk 00:09:36]} {[%emt 00:08:16]} Qd5 {[%clk 00:03:48]} {[%emt 00:05:59]} 32.
Rxf6 {[%clk 00:05:35]} {[%emt 00:04:31]} Qa2+ {[%clk 00:02:16]} {[%emt
00:01:59]} 33. Rg2 {[%clk 00:04:51]} {[%emt 00:01:16]} Qxg2+ {[%clk 00:02:26]}
{[%emt 00:00:21]} 34. Kxg2 {[%clk 00:05:18]} {[%emt 00:00:03]} gxf6 {[%clk
00:02:46]} {[%emt 00:00:10]} 35. Qxh6+ {[%clk 00:05:37]} {[%emt 00:00:11]} Kg8
{[%clk 00:03:09]} {[%emt 00:00:07]} 36. Bc4+ {[%clk 00:05:00]} {[%emt
00:01:07]} Rf7 {[%clk 00:03:29]} {[%emt 00:00:10]} 37. Bxf7+ {[%clk 00:05:01]}
{[%emt 00:00:30]} Rxf7 {[%clk 00:03:51]} {[%emt 00:00:08]} 38. cxd4 {[%clk
00:05:04]} {[%emt 00:00:26]} Nxd4 {[%clk 00:04:11]} {[%emt 00:00:10]} 39. Bb2
{[%clk 00:04:43]} {[%emt 00:00:51]} Nf5 {[%clk 00:04:25]} {[%emt 00:00:14]} 40.
Qh5 {[%clk 00:04:50]} {[%emt 00:00:24]} Ne3+ {[%clk 00:03:53]} {[%emt
00:01:02]} 41. Kf2 {[%clk 00:04:02]} {[%emt 00:01:19]} Nc4 {[%clk 00:04:08]}
{[%emt 00:00:14]} 42. Qg6+ {[%clk 00:03:33]} {[%emt 00:01:00]} Kf8 {[%clk
00:04:19]} {[%emt 00:00:19]} 43. Bxf6 {[%clk 00:03:05]} {[%emt 00:00:59]} Nxa3
{[%clk 00:04:39]} {[%emt 00:00:09]} 44. h4 {[%clk 00:02:53]} {[%emt 00:00:42]}
Nb5 {[%clk 00:04:28]} {[%emt 00:00:42]} 45. h5 {[%clk 00:03:14]} {[%emt
00:00:08]} Nd6 {[%clk 00:04:43]} {[%emt 00:00:14]} 46. h6 {[%clk 00:02:26]}
{[%emt 00:01:19]} Ne4+ {[%clk 00:05:07]} {[%emt 00:00:06]} 47. Qxe4 {[%clk
00:02:47]} {[%emt 00:00:10]} Rxf6 {[%clk 00:05:36]} 48. h7 {[%clk 00:02:54]}
{[%emt 00:00:22]} Rh6 {[%clk 00:05:53]} {[%emt 00:00:12]} 49. Qxb7 {[%clk
00:02:28]} {[%emt 00:00:57]} Rh2+ {[%clk 00:06:12]} {[%emt 00:00:11]} 50. Kg3
{[%clk 00:02:50]} {[%emt 00:00:09]} Rh6 {[%clk 00:06:35]} {[%emt 00:00:06]} 51.
Qxa6 {[%clk 00:02:52]} {[%emt 00:00:28]} Rxh7 {[%clk 00:06:57]} {[%emt
00:00:08]} 52. Qa8+ {[%clk 00:03:13]} {[%emt 00:00:09]} Kg7 {[%clk 00:07:15]}
{[%emt 00:00:12]} 53. Qb7+ {[%clk 00:03:30]} {[%emt 00:00:14]} Kh6 {[%clk
00:07:36]} {[%emt 00:00:08]} 54. Qxh7+ {[%clk 00:03:47]} {[%emt 00:00:13]} Kxh7
{[%clk 00:07:59]} {[%emt 00:00:07]} 55. b5 {[%clk 00:04:16]} {[%emt 00:00:01]}
Kg6 {[%clk 00:08:21]} {[%emt 00:00:08]} 56. b6 {[%clk 00:04:42]} {[%emt
00:00:05]} Kh7 {[%clk 00:08:43]} {[%emt 00:00:07]} 57. b7 {[%clk 00:05:08]}
{[%emt 00:00:04]} Kg6 {[%clk 00:09:09]} {[%emt 00:00:04]} 58. b8=Q {[%clk
00:05:32]} {[%emt 00:00:06]} Kh7 {[%clk 00:09:33]} {[%emt 00:00:05]} 59. Kg4
{[%clk 00:05:47]} {[%emt 00:00:16]} Kh6 {[%clk 00:09:52]} {[%emt 00:00:10]} 60.
Qe5 {[%clk 00:06:01]} {[%emt 00:00:15]} Kh7 {[%clk 00:10:14]} {[%emt 00:00:09]}
61. Qf6 {[%clk 00:05:57]} {[%emt 00:00:34]} Kg8 {[%clk 00:10:38]} {[%emt
00:00:07]} 62. Qe7 {[%clk 00:06:09]} {[%emt 00:00:18]} Kh8 {[%clk 00:11:03]}
{[%emt 00:00:05]} 63. Kg5 {[%clk 00:06:35]} {[%emt 00:00:04]} Kg8 {[%clk
00:11:24]} {[%emt 00:00:08]} 64. Kg6 {[%clk 00:07:03]} {[%emt 00:00:03]} Kh8
{[%clk 00:11:49]} {[%emt 00:00:04]} 65. Qg7# {[%emt 00:00:03]} 1-0

[Event "DEM U16w 2024"]
[Site "Willingen GER"]
[Date "2024.05.22"]
[Round "5"]
[White "Wartenberg, Alissa"]
[Black "Fetahovic, Sarah"]
[Result "0-1"]
[Termination "normal"]
[Board "7"]
[WhiteElo "1820"]
[BlackElo "1761"]
[WhiteClock "00:25:41"]
[BlackClock "00:02:42"]
[PlyCount "100"]
[WhiteFideId "16280741"]
[BlackFideId "34601546"]
[EventCountry "GER"]
[EventRounds "9"]
[EventType "swiss"]
[EventDate "2024.05.18"]

1. e4 {[%clk 01:30:58]} {[%emt 00:00:02]} e5 {[%clk 01:30:51]} {[%emt
00:00:09]} 2. Nf3 {[%clk 01:31:25]} {[%emt 00:00:04]} Nc6 {[%clk 01:31:07]}
{[%emt 00:00:13]} 3. Bb5 {[%clk 01:31:48]} {[%emt 00:00:07]} a6 {[%clk
01:31:20]} {[%emt 00:00:17]} 4. Ba4 {[%clk 01:32:15]} {[%emt 00:00:04]} Nf6
{[%clk 01:31:32]} {[%emt 00:00:17]} 5. O-O {[%clk 01:32:37]} {[%emt 00:00:08]}
Nxe4 {[%clk 01:30:54]} {[%emt 00:01:09]} 6. Re1 {[%clk 01:32:33]} {[%emt
00:00:33]} Nc5 {[%clk 01:30:56]} {[%emt 00:00:28]} 7. Bxc6 {[%clk 01:32:56]}
{[%emt 00:00:07]} dxc6 {[%clk 01:31:12]} {[%emt 00:00:14]} 8. Rxe5+ {[%clk
01:32:35]} {[%emt 00:00:51]} Be7 {[%clk 01:28:23]} {[%emt 00:03:19]} 9. d4
{[%clk 01:21:28]} {[%emt 00:11:38]} Ne6 {[%clk 01:26:08]} {[%emt 00:02:43]} 10.
Nc3 {[%clk 01:01:13]} {[%emt 00:20:46]} O-O {[%clk 01:07:09]} {[%emt 00:19:29]}
11. Re1 {[%clk 00:51:26]} {[%emt 00:10:17]} Bf6 {[%clk 00:59:00]} {[%emt
00:08:39]} 12. Be3 {[%clk 00:50:45]} {[%emt 00:01:12]} b6 {[%clk 00:43:30]}
{[%emt 00:16:01]} 13. Ne4 {[%clk 00:27:45]} {[%emt 00:23:29]} Be7 {[%clk
00:35:39]} {[%emt 00:08:21]} 14. Ng3 {[%clk 00:17:28]} {[%emt 00:10:47]} Qd5
{[%clk 00:18:03]} {[%emt 00:18:06]} 15. Qd3 {[%clk 00:16:35]} {[%emt 00:01:23]}
b5 {[%clk 00:12:26]} {[%emt 00:06:07]} 16. b3 {[%clk 00:15:44]} {[%emt
00:01:20]} f6 {[%clk 00:07:50]} {[%emt 00:05:06]} 17. Nf5 {[%clk 00:14:41]}
{[%emt 00:01:34]} Bd8 {[%clk 00:02:37]} {[%emt 00:05:42]} 18. N3h4 {[%clk
00:07:40]} {[%emt 00:07:31]} g5 {[%clk 00:02:14]} {[%emt 00:00:54]} 19. Nh6+
{[%clk 00:08:01]} {[%emt 00:00:09]} Kh8 {[%clk 00:02:13]} {[%emt 00:00:31]} 20.
N4f5 {[%clk 00:08:07]} {[%emt 00:00:24]} Ng7 {[%clk 00:01:53]} {[%emt
00:00:50]} 21. Ng3 {[%clk 00:06:29]} {[%emt 00:02:07]} f5 {[%clk 00:02:17]}
{[%emt 00:00:06]} 22. f4 {[%clk 00:06:44]} {[%emt 00:00:15]} g4 {[%clk
00:02:26]} {[%emt 00:00:21]} 23. Bd2 {[%clk 00:03:07]} {[%emt 00:04:07]} Qd6
{[%clk 00:02:12]} {[%emt 00:00:44]} 24. Nhxf5 {[%clk 00:01:43]} {[%emt
00:01:55]} Nxf5 {[%clk 00:02:41]} 25. Bc3 {[%clk 00:01:42]} {[%emt 00:00:30]}
Nxg3 {[%clk 00:02:10]} {[%emt 00:01:01]} 26. hxg3 {[%clk 00:01:29]} {[%emt
00:00:42]} Bf5 {[%clk 00:01:18]} {[%emt 00:01:22]} 27. Qd2 {[%clk 00:00:59]}
{[%emt 00:01:01]} Bf6 {[%clk 00:01:38]} {[%emt 00:00:10]} 28. Rad1 {[%clk
00:00:57]} {[%emt 00:00:32]} Kg8 {[%clk 00:01:13]} {[%emt 00:00:55]} 29. Bb4
{[%clk 00:01:18]} {[%emt 00:00:10]} Qd5 {[%clk 00:00:45]} {[%emt 00:00:57]} 30.
Bxf8 {[%clk 00:01:42]} {[%emt 00:00:06]} Kxf8 {[%clk 00:01:05]} {[%emt
00:00:10]} 31. Qb4+ {[%clk 00:02:01]} {[%emt 00:00:11]} Qd6 {[%clk 00:00:50]}
{[%emt 00:00:45]} 32. Qd2 {[%clk 00:02:16]} {[%emt 00:00:14]} Rd8 {[%clk
00:00:58]} {[%emt 00:00:23]} 33. c3 {[%clk 00:02:30]} {[%emt 00:00:16]} c5
{[%clk 00:01:10]} {[%emt 00:00:18]} 34. d5 {[%clk 00:02:41]} {[%emt 00:00:19]}
c4 {[%clk 00:01:16]} {[%emt 00:00:24]} 35. bxc4 {[%emt 00:00:47]} bxc4 36. Qe3
{[%clk 00:01:51]} {[%emt 00:01:03]} Qb6 {[%clk 00:01:31]} {[%emt 00:00:45]} 37.
Qxb6 {[%clk 00:02:11]} {[%emt 00:00:10]} cxb6 {[%clk 00:02:00]} 38. Re3 {[%clk
00:01:55]} {[%emt 00:00:46]} Re8 {[%clk 00:01:03]} {[%emt 00:01:27]} 39. Kf2
{[%clk 00:01:52]} {[%emt 00:00:33]} Rxe3 {[%clk 00:00:52]} {[%emt 00:00:42]}
40. Kxe3 {[%clk 00:02:20]} {[%emt 00:00:02]} Ke7 {[%clk 00:00:43]} {[%emt
00:00:38]} 41. d6+ {[%clk 00:01:22]} {[%emt 00:01:28]} Kd7 {[%clk 00:29:41]}
{[%emt 00:01:32]} 42. Rd5 {[%clk 00:31:13]} {[%emt 00:00:39]} Bg6 {[%clk
00:08:11]} {[%emt 00:22:00]} 43. f5 {[%clk 00:30:10]} {[%emt 00:01:33]} Bf7
{[%clk 00:08:23]} {[%emt 00:00:18]} 44. Rd1 {[%clk 00:30:35]} {[%emt 00:00:05]}
Bxc3 {[%clk 00:07:17]} {[%emt 00:01:36]} 45. Kf4 {[%clk 00:27:54]} {[%emt
00:03:11]} Bf6 {[%clk 00:05:54]} {[%emt 00:01:53]} 46. Kxg4 {[%clk 00:28:04]}
{[%emt 00:00:20]} c3 {[%clk 00:05:04]} {[%emt 00:01:20]} 47. Kf4 {[%clk
00:25:32]} {[%emt 00:03:02]} Bxa2 {[%clk 00:03:01]} {[%emt 00:02:34]} 48. g4
{[%clk 00:25:47]} {[%emt 00:00:14]} Bb3 {[%clk 00:02:40]} {[%emt 00:00:51]} 49.
Rh1 {[%clk 00:25:36]} {[%emt 00:00:40]} c2 {[%clk 00:02:20]} {[%emt 00:00:51]}
50. Rxh7+ {[%clk 00:25:41]} {[%emt 00:00:26]} Kxd6 {[%clk 00:02:42]} {[%emt
00:00:07]} 0-1

[Event "DEM U16w 2024"]
[Site "Willingen GER"]
[Date "2024.05.22"]
[Round "5"]
[White "Loos, Tilda"]
[Black "Wilmink, Anna"]
[Result "0-1"]
[Termination "normal"]
[Board "8"]
[WhiteElo "1667"]
[BlackElo "1903"]
[WhiteClock "00:23:02"]
[BlackClock "00:04:55"]
[PlyCount "92"]
[WhiteFideId "34620559"]
[BlackFideId "16273680"]
[EventCountry "GER"]
[EventRounds "9"]
[EventType "swiss"]
[EventDate "2024.05.18"]

1. e4 {[%clk 01:30:59]} e5 {[%clk 01:30:54]} {[%emt 00:00:07]} 2. Nf3 {[%clk
01:31:24]} {[%emt 00:00:05]} Nf6 {[%clk 01:31:18]} {[%emt 00:00:06]} 3. Bc4
{[%clk 01:31:49]} {[%emt 00:00:05]} Nxe4 {[%clk 01:27:07]} {[%emt 00:04:42]} 4.
Nc3 {[%clk 01:32:11]} {[%emt 00:00:07]} Nxc3 {[%clk 01:18:22]} {[%emt
00:09:14]} 5. dxc3 {[%clk 01:30:44]} {[%emt 00:01:58]} c6 {[%clk 01:16:09]}
{[%emt 00:02:44]} 6. Qe2 {[%clk 01:17:27]} {[%emt 00:13:46]} d5 {[%clk
01:13:19]} {[%emt 00:03:19]} 7. Qxe5+ {[%clk 01:17:31]} {[%emt 00:00:27]} Qe7
{[%clk 01:09:03]} {[%emt 00:04:46]} 8. Bd3 {[%clk 01:16:46]} {[%emt 00:01:15]}
Qxe5+ {[%clk 01:02:47]} {[%emt 00:06:46]} 9. Nxe5 {[%clk 01:17:13]} {[%emt
00:00:03]} Bd6 {[%clk 01:01:54]} {[%emt 00:01:23]} 10. Nf3 {[%clk 01:16:07]}
{[%emt 00:01:35]} O-O {[%clk 01:01:17]} {[%emt 00:01:08]} 11. O-O {[%clk
01:16:18]} {[%emt 00:00:20]} Nd7 {[%clk 01:00:24]} {[%emt 00:01:22]} 12. Be3
{[%clk 01:14:34]} {[%emt 00:02:13]} Nc5 {[%clk 00:58:16]} {[%emt 00:02:39]} 13.
c4 {[%clk 01:08:40]} {[%emt 00:06:24]} Nxd3 {[%clk 00:48:58]} {[%emt 00:09:48]}
14. cxd3 {[%clk 01:09:03]} {[%emt 00:00:08]} b6 {[%clk 00:40:40]} {[%emt
00:08:48]} 15. Rac1 {[%clk 01:01:40]} {[%emt 00:07:52]} dxc4 {[%clk 00:37:48]}
{[%emt 00:03:23]} 16. dxc4 {[%clk 01:01:52]} {[%emt 00:00:17]} c5 {[%clk
00:36:59]} {[%emt 00:01:19]} 17. Rfd1 {[%clk 01:00:37]} {[%emt 00:01:45]} Bc7
{[%clk 00:32:25]} {[%emt 00:05:03]} 18. h3 {[%clk 00:57:43]} {[%emt 00:03:24]}
f6 {[%clk 00:27:44]} {[%emt 00:05:11]} 19. b3 {[%clk 00:49:45]} {[%emt
00:08:28]} Be6 {[%clk 00:26:24]} {[%emt 00:01:51]} 20. Ne1 {[%clk 00:46:34]}
{[%emt 00:03:41]} Rad8 {[%clk 00:23:52]} {[%emt 00:03:01]} 21. Nd3 {[%clk
00:44:06]} {[%emt 00:02:58]} g5 {[%clk 00:22:47]} {[%emt 00:01:36]} 22. f4
{[%clk 00:41:14]} {[%emt 00:03:21]} Bf5 {[%clk 00:22:20]} {[%emt 00:00:57]} 23.
Ne1 {[%clk 00:35:38]} {[%emt 00:06:06]} gxf4 {[%clk 00:20:47]} {[%emt
00:02:04]} 24. Bf2 {[%clk 00:35:01]} {[%emt 00:01:06]} Rxd1 {[%clk 00:20:20]}
{[%emt 00:00:57]} 25. Rxd1 {[%clk 00:35:28]} {[%emt 00:00:03]} Rd8 {[%clk
00:20:34]} {[%emt 00:00:17]} 26. Rxd8+ {[%clk 00:34:20]} {[%emt 00:01:37]} Bxd8
{[%clk 00:20:58]} {[%emt 00:00:07]} 27. Kf1 {[%clk 00:33:58]} {[%emt 00:00:51]}
Bb1 {[%clk 00:20:11]} {[%emt 00:01:18]} 28. a3 {[%clk 00:33:59]} {[%emt
00:00:29]} Ba2 {[%clk 00:19:37]} {[%emt 00:01:04]} 29. b4 {[%clk 00:33:48]}
{[%emt 00:00:42]} Bxc4+ {[%clk 00:19:36]} {[%emt 00:00:30]} 30. Kg1 {[%clk
00:34:03]} {[%emt 00:00:14]} cxb4 {[%clk 00:18:48]} {[%emt 00:01:18]} 31. axb4
{[%clk 00:34:31]} {[%emt 00:00:03]} Be7 {[%clk 00:18:31]} {[%emt 00:00:46]} 32.
Nc2 {[%clk 00:34:10]} {[%emt 00:00:51]} Kf7 {[%clk 00:18:01]} {[%emt 00:01:01]}
33. Be1 {[%clk 00:33:19]} {[%emt 00:01:20]} Bd6 {[%clk 00:16:38]} {[%emt
00:01:53]} 34. Kf2 {[%clk 00:33:07]} {[%emt 00:00:42]} Be5 {[%clk 00:16:27]}
{[%emt 00:00:42]} 35. Bd2 {[%clk 00:30:43]} {[%emt 00:02:54]} f5 {[%clk
00:14:35]} {[%emt 00:02:21]} 36. Kf3 {[%clk 00:25:12]} {[%emt 00:06:01]} Bd3
{[%clk 00:13:14]} {[%emt 00:01:51]} 37. Ne1 {[%clk 00:24:46]} {[%emt 00:00:56]}
Be4+ {[%clk 00:13:12]} {[%emt 00:00:32]} 38. Ke2 {[%clk 00:24:42]} {[%emt
00:00:34]} Bc7 {[%clk 00:12:46]} {[%emt 00:00:56]} 39. Nf3 {[%clk 00:23:20]}
{[%emt 00:01:51]} h6 {[%clk 00:12:42]} {[%emt 00:00:35]} 40. Bc3 {[%clk
00:23:02]} {[%emt 00:00:48]} a5 {[%clk 00:11:33]} {[%emt 00:01:40]} 41. bxa5
{[%emt 00:00:23]} bxa5 {[%clk 00:11:52]} {[%emt 00:00:10]} 42. Ne5+ {[%clk
00:23:21]} {[%emt 00:00:17]} Ke6 {[%clk 00:11:26]} {[%emt 00:00:56]} 43. Nf3
{[%clk 00:23:12]} {[%emt 00:00:41]} Kd5 {[%clk 00:09:10]} {[%emt 00:02:46]} 44.
Bg7 {[%clk 00:23:03]} {[%emt 00:00:39]} a4 {[%clk 00:04:28]} {[%emt 00:05:12]}
45. Bxh6 {[%clk 00:22:47]} {[%emt 00:00:44]} Bxf3+ {[%clk 00:04:35]} {[%emt
00:00:24]} 46. Kxf3 {[%clk 00:23:02]} {[%emt 00:00:15]} a3 {[%clk 00:04:55]}
{[%emt 00:00:10]} 0-1

[Event "DEM U16w 2024"]
[Site "Willingen GER"]
[Date "2024.05.22"]
[Round "5"]
[White "Moldovan, Stela"]
[Black "Stepanjan, Marianne"]
[Result "0-1"]
[Termination "normal"]
[Board "9"]
[WhiteElo "1755"]
[BlackElo "1769"]
[WhiteClock "01:02:53"]
[BlackClock "00:09:17"]
[PlyCount "68"]
[WhiteFideId "16287380"]
[BlackFideId "16246110"]
[EventCountry "GER"]
[EventRounds "9"]
[EventType "swiss"]
[EventDate "2024.05.18"]

1. d4 {[%clk 01:30:52]} {[%emt 00:00:07]} Nf6 {[%clk 01:30:57]} {[%emt
00:00:04]} 2. c4 {[%clk 01:31:09]} {[%emt 00:00:13]} g6 {[%clk 01:31:24]}
{[%emt 00:00:04]} 3. Nc3 {[%clk 01:31:22]} {[%emt 00:00:17]} Bg7 {[%clk
01:31:51]} {[%emt 00:00:03]} 4. e4 {[%clk 01:31:31]} {[%emt 00:00:20]} d6
{[%clk 01:32:11]} {[%emt 00:00:10]} 5. Be2 {[%clk 01:31:47]} {[%emt 00:00:14]}
O-O {[%clk 01:32:37]} 6. Nf3 {[%clk 01:31:30]} {[%emt 00:00:51]} e5 {[%clk
01:32:37]} 7. O-O {[%clk 01:31:30]} Nc6 {[%clk 01:32:37]} 8. d5 {[%clk
01:30:10]} {[%emt 00:04:59]} Ne7 {[%clk 01:31:01]} 9. Bg5 {[%clk 01:29:58]}
{[%emt 00:01:09]} a6 {[%clk 01:30:01]} 10. Qd2 {[%clk 01:27:50]} {[%emt
00:04:07]} Nd7 {[%clk 01:28:10]} 11. Bh6 {[%clk 01:26:39]} {[%emt 00:04:02]} f5
{[%clk 01:24:23]} 12. Bxg7 {[%clk 01:26:06]} {[%emt 00:05:20]} Kxg7 {[%emt
00:00:12]} 13. Ng5 {[%clk 01:25:53]} {[%emt 00:00:36]} Nf6 {[%clk 01:19:03]}
{[%emt 00:06:16]} 14. f4 {[%clk 01:23:48]} {[%emt 00:02:34]} h6 {[%clk
01:03:49]} {[%emt 00:15:44]} 15. fxe5 {[%clk 01:21:05]} {[%emt 00:03:13]} dxe5
{[%clk 01:03:17]} {[%emt 00:01:03]} 16. Nf3 {[%clk 01:21:17]} {[%emt 00:00:17]}
fxe4 {[%clk 00:56:36]} {[%emt 00:07:11]} 17. Nxe5 {[%clk 01:18:08]} {[%emt
00:03:40]} Qd6 {[%clk 00:44:06]} {[%emt 00:13:00]} 18. Qd4 {[%clk 01:13:31]}
{[%emt 00:05:07]} Nf5 {[%clk 00:39:43]} {[%emt 00:04:53]} 19. c5 {[%clk
01:12:31]} {[%emt 00:01:30]} Nxd4 {[%clk 00:33:06]} {[%emt 00:07:07]} 20. cxd6
{[%clk 01:12:25]} {[%emt 00:00:36]} cxd6 {[%clk 00:33:33]} {[%emt 00:00:03]}
21. Nc4 {[%clk 01:12:36]} {[%emt 00:00:19]} Nxd5 {[%clk 00:24:01]} {[%emt
00:10:03]} 22. Nxd5 {[%emt 00:01:05]} Nxe2+ {[%clk 00:24:20]} {[%emt 00:00:10]}
23. Kh1 {[%clk 01:12:15]} {[%emt 00:00:15]} Be6 {[%clk 00:12:33]} {[%emt
00:12:17]} 24. Ndb6 {[%clk 01:07:44]} {[%emt 00:05:02]} Bxc4 {[%clk 00:10:53]}
{[%emt 00:02:10]} 25. Nxc4 {[%clk 01:08:06]} {[%emt 00:00:08]} d5 {[%clk
00:10:55]} {[%emt 00:00:28]} 26. Nb6 {[%clk 01:08:11]} {[%emt 00:00:24]} Rxf1+
{[%clk 00:10:03]} {[%emt 00:01:23]} 27. Rxf1 {[%clk 01:08:30]} {[%emt
00:00:12]} Rd8 {[%clk 00:10:26]} {[%emt 00:00:05]} 28. Rd1 {[%clk 01:08:29]}
{[%emt 00:00:25]} d4 {[%clk 00:10:35]} {[%emt 00:00:28]} 29. g3 {[%clk
01:07:23]} {[%emt 00:01:36]} Rd6 {[%clk 00:09:08]} {[%emt 00:01:54]} 30. Na4
{[%clk 01:06:00]} {[%emt 00:01:55]} Rc6 {[%clk 00:08:00]} {[%emt 00:01:35]} 31.
Rd2 {[%clk 01:04:46]} {[%emt 00:01:47]} d3 {[%clk 00:08:04]} {[%emt 00:00:27]}
32. b3 {[%clk 01:04:51]} {[%emt 00:00:25]} b5 {[%clk 00:08:25]} {[%emt
00:00:09]} 33. Nb2 {[%clk 01:03:31]} {[%emt 00:01:49]} Rc2 {[%clk 00:08:50]}
{[%emt 00:00:05]} 34. Rxc2 {[%clk 01:02:53]} {[%emt 00:01:09]} dxc2 {[%clk
00:09:17]} {[%emt 00:00:04]} 0-1